000
00333nam a2200145Ia 4500
008
150201s2004 xx 000 0 und d
082
_a
612.015
_b
M2004D
100
_a
DANDEKER
245
_a
MEDICAL BIOCHEMISTRY
250
_a
2ND
260
_b
ELSEVIER
_a
DELHI
_c
2004
300
_a
1-664
650
_a
BIOCHEMISTRY
942
_2
ddc
_c
BK
999
_c
3398
_d
3398